LEADER 01044nas 22003613a 450 001 996213382303316 005 20210317152733.0 011 $a1943-6637 035 $a(OCoLC)57217915 035 $a(CKB)954925373784 035 $a(CONSER) 2008215397 035 $a(MiAaPQ)41118 035 $a(EXLCZ)99954925373784 100 $a20041213a19599999 oy a 101 0 $aeng 135 $aurcn|||||| 200 00$aASHRAE journal$b[journal] 210 $aAtlanta, GA $cASHRAE 300 $aRefereed/Peer-reviewed 311 $a0001-2491 606 $aHeating$vPeriodicals 606 $aAir conditioning$vPeriodicals 606 $aRefrigeration and refrigerating machinery$vPeriodicals 615 0$aHeating 615 0$aAir conditioning 615 0$aRefrigeration and refrigerating machinery 676 $a697 676 $a697.93 712 02$aAmerican Society of Heating, Refrigerating and Air-Conditioning Engineers. 906 $aJOURNAL 912 $a996213382303316 996 $aASHRAE journal$9800108 997 $aUNISA LEADER 01226nam a2200301 i 4500 001 991003272709707536 006 m d 007 cr cn||||||||| 008 080129s2002 ne a sb 001 0 eng d 020 $a9780444511232 020 $a0444511237 035 $ab13658785-39ule_inst 040 $aDip.to Matematica$beng 082 04$a512$222 100 1 $aOlariu, Silviu$066869 245 10$aComplex numbers in N dimensions$h[e-book] /$cSilviu Olariu 260 $aAmsterdam ;$aBoston :$bElsevier,$c2002 300 $axv, 269 p. :$bill. ;$c24 cm 440 0$aNorth-Holland mathematics studies,$x0304-0208 ;$v190 504 $aIncludes bibliographical references (p. 261) and index 650 0$aNumbers, Complex 856 40$3ScienceDirect$uhttp://www.sciencedirect.com/science/publication?issn=03040208&volume=190$zAn electronic book accessible through the World Wide Web; click for information 856 42$zPublisher description$uhttp://catdir.loc.gov/catdir/enhancements/fy0613/2002070015-d.html 907 $a.b13658785$b03-03-22$c29-01-08 912 $a991003272709707536 996 $aComplex numbers in n dimensions$9377352 997 $aUNISALENTO 998 $ale013$b29-01-08$cm$d@ $e-$feng$gne $h0$i0